Vplyv globálnej hospodárskej krízy na nákupné správanie obyvateľov krajín V4 v cestovnom ruchu
Cestovný ruch citlivý na konjunktúrne výkyvy vo svetovom hospodárstve. Pokles účasti na cestovnom ruchu a obmedzovanie výdavkov na pobyty. Sledovanie nákupného správania obyvateľov Európy Európskou komisiou - prieskum postojov Európanov k cestovnému ruchu. Porovnanie účasti obyvateľov krajín V4 na c...
Gespeichert in:
| 1. Verfasser: | |
|---|---|
| Weitere Verfasser: | |
| Format: | Buchkapitel |
| Sprache: | Slowakisch |
| Schlagworte: | |
| Tags: |
Keine Tags, Fügen Sie das erste Tag hinzu!
|
MARC
| LEADER | 00000naa a2200000 4500 | ||
|---|---|---|---|
| 001 | 0215108 | ||
| 005 | 20231016081155.9 | ||
| 041 | 0 | |a slo | |
| 044 | |a SK | ||
| 245 | 1 | 0 | |a Vplyv globálnej hospodárskej krízy na nákupné správanie obyvateľov krajín V4 v cestovnom ruchu |c Diana Kvasnová, Kristína Pančíková |
| 520 | |a Cestovný ruch citlivý na konjunktúrne výkyvy vo svetovom hospodárstve. Pokles účasti na cestovnom ruchu a obmedzovanie výdavkov na pobyty. Sledovanie nákupného správania obyvateľov Európy Európskou komisiou - prieskum postojov Európanov k cestovnému ruchu. Porovnanie účasti obyvateľov krajín V4 na cestovnom ruchu (2008, 2009, 2014). Motívy účasti na cestovnom ruchu. Informačné zdroje pri plánovaní pobytov. | ||
| 610 | 2 | 0 | |a ruch cestovný aktívny |
| 610 | 2 | 0 | |a ruch cestovný pasívny |
| 610 | 2 | 0 | |a oddych |
| 610 | 2 | 0 | |a zdravie |
| 610 | 2 | 0 | |a kultúra |
| 610 | 2 | 0 | |a financie |
| 610 | 2 | 0 | |a Vyšehradská štvorka |
| 610 | 2 | 0 | |a kríza hospodárska |
| 610 | 2 | 0 | |a správanie spotrebiteľa |
| 100 | 1 | |a Kvasnová, Diana | |
| 700 | 1 | |a Pančíková, Kristína | |